From social movement to moral market : (Record no. 85970)
[ view plain ]
| 000 -LEADER | |
|---|---|
| fixed length control field | 02555nam a2200445 i 4500 |
| 001 - CONTROL NUMBER | |
| control field | ebr10822080 |
| 003 - CONTROL NUMBER IDENTIFIER | |
| control field | CaPaEBR |
| 006 - FIXED-LENGTH DATA ELEMENTS--ADDITIONAL MATERIAL CHARACTERISTICS--GENERAL INFORMATION | |
| fixed length control field | m o d |
| 007 - PHYSICAL DESCRIPTION FIXED FIELD--GENERAL INFORMATION | |
| fixed length control field | cr cn||||||||| |
| 008 - FIXED-LENGTH DATA ELEMENTS--GENERAL INFORMATION | |
| fixed length control field | 131017t20142014cauad ob 001 0 eng|d |
| 020 ## - INTERNATIONAL STANDARD BOOK NUMBER | |
| Cancelled/invalid ISBN | 9780804785129 |
| International Standard Book Number | 9780804789066 (e-book) |
| 040 ## - CATALOGING SOURCE | |
| Original cataloging agency | CaPaEBR |
| Language of cataloging | eng |
| Description conventions | rda |
| -- | pn |
| Transcribing agency | CaPaEBR |
| 035 ## - SYSTEM CONTROL NUMBER | |
| System control number | (OCoLC)866858617 |
| 043 ## - GEOGRAPHIC AREA CODE | |
| Geographic area code | n-us--- |
| 050 14 - LIBRARY OF CONGRESS CALL NUMBER | |
| Classification number | HN59.2 |
| Item number | .M335 2014eb |
| 082 04 - DEWEY DECIMAL CLASSIFICATION NUMBER | |
| Classification number | 303.48/40973 |
| Edition number | 23 |
| 100 1# - MAIN ENTRY--PERSONAL NAME | |
| Personal name | McInerney, Paul-Brian, |
| Dates associated with a name | 1970- |
| 245 10 - TITLE STATEMENT | |
| Title | From social movement to moral market : |
| Remainder of title | how the circuit riders sparked an IT revolution and created a technology market / |
| Statement of responsibility, etc | Paul-Brian McInerney. |
| 264 #1 - PRODUCTION, PUBLICATION, DISTRIBUTION, MANUFACTURE, AND COPYRIGHT NOTICE | |
| Place of production, publication, distribution, manufacture | Stanford, California : |
| Name of producer, publisher, distributor, manufacturer | Stanford University Press, |
| Date of production, publication, distribution, manufacture, or copyright notice | [2014] |
| Date of production, publication, distribution, manufacture, or copyright notice | �2014 |
| 300 ## - PHYSICAL DESCRIPTION | |
| Extent | 1 online resource (254 pages) : |
| Other physical details | illustrations |
| 336 ## - CONTENT TYPE | |
| Content type term | text |
| Source | rdacontent |
| 337 ## - MEDIA TYPE | |
| Media type term | computer |
| Source | rdamedia |
| 338 ## - CARRIER TYPE | |
| Carrier type term | online resource |
| Source | rdacarrier |
| 504 ## - BIBLIOGRAPHY, ETC. NOTE | |
| Bibliography, etc | Includes bibliographical references and index. |
| 505 0# - FORMATTED CONTENTS NOTE | |
| Formatted contents note | The circuit rider mounts : establishing worth and the birth of a social movement -- Organizing for change : conferences, meetings, and the configuration of fields -- Institutional entrepreneurs build a bridge : connecting movements and markets through social enterprise -- Walking the values tightrope : the moral ambivalence of social enterprise -- The circuit riders respond : conventions of coordination as movements react to markets -- Patterns worth noting : markets out of movements. |
| 588 ## - SOURCE OF DESCRIPTION NOTE | |
| Source of description note | Description based on print version record. |
| 590 ## - LOCAL NOTE (RLIN) | |
| Local note | Electronic reproduction. Palo Alto, Calif. : ebrary, 2014. Available via World Wide Web. Access may be limited to ebrary affiliated libraries. |
| 650 #0 - SUBJECT ADDED ENTRY--TOPICAL TERM | |
| Topical term or geographic name as entry element | Social movements |
| Geographic subdivision | United States. |
| Topical term or geographic name as entry element | Nonprofit organizations |
| General subdivision | Information technology |
| Geographic subdivision | United States. |
| Topical term or geographic name as entry element | Technology consultants |
| Geographic subdivision | United States. |
| Topical term or geographic name as entry element | Consulting firms |
| Geographic subdivision | United States. |
| Topical term or geographic name as entry element | Markets |
| General subdivision | Moral and ethical aspects |
| Geographic subdivision | United States. |
| Topical term or geographic name as entry element | Markets |
| General subdivision | Social aspects |
| Geographic subdivision | United States. |
| 655 #0 - INDEX TERM--GENRE/FORM | |
| Genre/form data or focus term | Electronic books. |
| 776 08 - ADDITIONAL PHYSICAL FORM ENTRY | |
| Display text | Print version: |
| Main entry heading | McInerney, Paul-Brian. |
| Title | From social movement to moral market : how the circuit riders sparked an IT revolution and created a technology market. |
| Place, publisher, and date of publication | Stanford, California : Stanford University Press, [2014] |
| Physical description | x, 241 pages |
| International Standard Book Number | 9780804785129 |
| Record control number | (DLC) 2013040184 |
| 797 2# - LOCAL ADDED ENTRY--CORPORATE NAME (RLIN) | |
| Corporate name or jurisdiction name as entry element | ebrary. |
| 856 40 - ELECTRONIC LOCATION AND ACCESS | |
| Uniform Resource Identifier | <a href="http://site.ebrary.com/lib/rucke/Doc?id=10822080">http://site.ebrary.com/lib/rucke/Doc?id=10822080</a> |
| Public note | An electronic book accessible through the World Wide Web; click to view |
No items available.
